Online Catalogue and eLibrary

Television and popular culture in India : (Record no. 310)

MARC details
000 -LEADER
fixed length control field 00861pam a2200253 a 4500
001 - CONTROL NUMBER
control field 2051432
005 - DATE AND TIME OF LATEST TRANSACTION
control field 20240206051617.0
008 - FIXED-LENGTH DATA ELEMENTS--GENERAL INFORMATION
fixed length control field 930802s1993 ii b 001 0 eng
020 ## - INTERNATIONAL STANDARD BOOK NUMBER
ISBN 0803991347 (US : hbk)
020 ## - INTERNATIONAL STANDARD BOOK NUMBER
ISBN 0803991355 (US : pbk)
020 ## - INTERNATIONAL STANDARD BOOK NUMBER
ISBN 8170363624 (India : hbk)
020 ## - INTERNATIONAL STANDARD BOOK NUMBER
ISBN 8170363632 (India : pbk)
040 ## - CATALOGING SOURCE (பட்டியலாக்க மூலம்)
Original cataloging agency DLC
Transcribing agency DLC
Modifying agency DLC
082 00 - DDC Classification
Class No. 306.23
DDC Edition Number 20
Item Number - Author Mark TEL.
100 1# - MAIN ENTRY--PERSONAL NAME
Personal name Mitra, Ananda,
245 10 - TITLE STATEMENT
Title Television and popular culture in India :
Remainder of title a study of the Mahabharat /
Statement of responsibility, etc. Ananda Mitra.
260 ## - PUBLICATION, DISTRIBUTION, ETC.
Place of publication, distribution, etc. New Delhi ;
-- Thousand Oaks, Calif. :
Name of publisher, distributor, etc. Sage Publications,
Date of publication, distribution, etc. 1993.
300 ## - PHYSICAL DESCRIPTION
Extent (e.g. Volumes, Pages etc.) 196 p. ;
650 #0 - SUBJECT ADDED ENTRY--TOPICAL TERM
Topical term or geographic name entry element Television broadcasting
650 #0 - SUBJECT ADDED ENTRY--TOPICAL TERM
Topical term or geographic name entry element Television serials
856 42 - ELECTRONIC LOCATION AND ACCESS
Uniform Resource Identifier <a href="http://www.loc.gov/catdir/enhancements/fy0657/93027379-d.html">http://www.loc.gov/catdir/enhancements/fy0657/93027379-d.html</a>
856 41 - ELECTRONIC LOCATION AND ACCESS
Uniform Resource Identifier <a href="http://www.loc.gov/catdir/enhancements/fy0657/93027379-t.html">http://www.loc.gov/catdir/enhancements/fy0657/93027379-t.html</a>
942 ## - Koha item type (Biblio)
Koha item type Books in Stacks (Lending)
Holdings
Lost status Damaged status Collection code Home library Current library Date acquired Full call number Accession Number Item type
    Lending WERC Library WERC Library 02/06/2024 306.23 TEL. 4245 Books in Stacks (Lending)

© WERC Library